Vestník Federálneho ministerstva spojov

Gespeichert in:
Bibliographische Detailangaben
Format: Schriftenreihe
Sprache:Slowakisch
Veröffentlicht: Bratislava Nakladateľstvo dopravy a spojov
Tags: Tag hinzufügen
Keine Tags, Fügen Sie das erste Tag hinzu!

MARC

LEADER 00000nas1a22000001 4500
001 s120889
005 20230808110733.1
041 0 |a slo 
044 |a SK 
245 1 0 |a Vestník Federálneho ministerstva spojov 
264 1 |a Bratislava  |b Nakladateľstvo dopravy a spojov